Statistics for Black and White - Niall Horan (All Lyrics)

Click here to take the quiz!

General Stats

  • This quiz has been taken 40 times
  • The average score is 289 of 345

Answer Stats

Answer% Correct
a
100%
And
100%
and
100%
I
100%
the
100%
black
97%
In
97%
in
97%
white
97%
you
97%
for
93%
night
93%
See
93%
see
93%
standing
93%
That
93%
that
93%
us
93%
your
93%
do
90%
my
90%
at
86%
clear
86%
Crystal
86%
first
86%
on
86%
we
86%
“When
86%
When
86%
when
86%
all
83%
colors
83%
door
83%
dress
83%
if
83%
I’ll
83%
life
83%
love
83%
me
83%
of
83%
Or
83%
or
83%
promise
83%
rest
83%
to
83%
want
83%
were
83%
We’re
83%
we’re
83%
ask
79%
Ask
79%
Cause
79%
friends
79%
gorgeous
79%
kissed
79%
never
79%
our
79%
then
79%
Then
79%
another
76%
be
76%
come
76%
end
76%
followed
76%
hand
76%
keys
76%
took
76%
did
72%
didn’t
72%
front
72%
Fumbling
72%
star
72%
lit
69%
say
69%
Swear
69%
Yeah
69%
it
66%
room
66%
world
66%
drink
62%
finally
62%
I’ve
62%
knew
62%
know?”
62%
living
62%
sitting
62%
There’ll
62%
two
62%
65
59%
always
59%
back
59%
But
59%
here
59%
holding
59%
inside
59%
mind
59%
Now
59%
share
59%
stories
59%
sunny
59%
Telling
59%
there’s
59%
vision
59%
while
59%
been
55%
give
55%
witness
55%
close
52%
It’s
52%
afternoons
48%
can’t
48%
eyes
48%
way
48%
fences
45%
picket
45%
ya
31%
I gotta
24%

Score Distribution

Percentile by Number Answered

Percent of People with Each Score

Your Score History

You have not taken this quiz